Nők a közép- és kelet európai startup szcénában

Bibliográfiai részletek
Szerzők: Szennay Áron
Virágh Enikő Anna
Tamássy Réka
Dokumentumtípus: Könyv része
Megjelent: Budapesti Gazdaságtudományi Egyetem Budapest 2025
Sorozat:Szemelvények a BGE kutatásaiból 2024
Tárgyszavak:
doi:10.29180/978-615-6886-21-7_21

Kulcsszavak:startup
női vállalkozók
Közép- és Kelet-Európa
Online Access:http://publikaciotar.uni-bge.hu/2584

MARC

LEADER 00000naa a2200000 i 4500
001 publ2584
005 20251125142058.0
008 251125s2025 hu o 000 zxx d
020 |a 978-615-6886-21-7 
024 |a 10.29180/978-615-6886-21-7_21  |2 doi 
040 |a BGE Publikációtár Repozitórium  |b hun 
100 1 |a Szennay Áron 
245 1 0 |a Nők a közép- és kelet európai startup szcénában  |c Szennay Áron  |h [elektronikus dokumentum] 
260 |a Budapesti Gazdaságtudományi Egyetem  |b Budapest  |c 2025 
300 |a 194-202 
490 0 |a Szemelvények a BGE kutatásaiból 2024 
520 3 |a A tanulmány célja a nők szerepének vizsgálata a közép- és kelet-európai startup ökoszisztémákban, ahol a nemi diverzitás fontos gazdasági és társadalmi kérdés. A kutatás 2015 és 2023 között megjelent, nem akadémiai szervezetek által publikált startupokkal kapcsolatos jelentések kvantitatív szövegelemzésére épül, amely 35 dokumentumot tartalmazott. A jelentések 71,4%-a említ nemekkel kapcsolatos témákat, különösen a nőkre fókuszálva, míg a férfiak kevésbé kerültek szóba. Az említések többsége Németországra vonatkozik, de a lengyel, magyar és román jelentések is kiemelkednek. Az elemzés során három kulcsszócsoportot definiáltunk, amelyek közül a nők és a diverzitás gyakori kifejezések. Eredményeink azt mutatják, hogy a nemi diverzitás nem elhanyagolható téma a startup jelentésekben. A kutatás fő limitációi között szerepel a kizárólag angol nyelvű jelentések vizsgálata, illetve a nem teljes szövegek elemzése. További kutatások során érdemes lenne nemzeti nyelvű jelentéseket is bevonni, és mélyebb tartalmi elemzést végezni. 
650 4 |a szociológiai tudományok 
695 |a startup 
695 |a női vállalkozók 
695 |a Közép- és Kelet-Európa 
700 1 |a Virágh Enikő Anna  |e aut 
700 1 |a Tamássy Réka  |e aut 
856 4 0 |u https://publikaciotar.uni-bge.hu/id/eprint/2584/1/BGE%20Szemelv%C3%A9nyek%202024%20III.%20k%C3%B6tet_21.pdf  |z Dokumentum-elérés